[Event "BL2 Sued 1718 (Women)"]
[Site "Germany"]
[Date "2018.02.18"]
[Round "7.4"]
[White "Khamenya, Vitalia"]
[Black "Joebges, Julia"]
[Result "1/2-1/2"]
[WhiteElo "1842"]
[BlackElo "1759"]
[PlyCount "33"]
[EventDate "2017.10.14"]
[EventType "team-tourn"]
[EventRounds "7"]
[EventCountry "GER"]
[SourceTitle "EXT 2019"]
[Source "ChessBase"]
[SourceDate "2018.10.10"]
[SourceVersion "1"]
[SourceVersionDate "2018.10.10"]
[SourceQuality "1"]
[WhiteTeam "Augsburg SG (W)"]
[BlackTeam "Forstenried (W)"]
[WhiteTeamCountry "GER"]
[BlackTeamCountry "GER"]

1. e4 e6 2. d4 d5 3. e5 c5 4. c3 Nc6 5. f4 Qb6 6. Nf3 Bd7 7. Be2 Nge7 8. Na3 cxd4 9. Nxd4 Nxd4 10. Qxd4 Qxd4 11. cxd4 Nc6 12. Nc2 Bb4+ 13. Bd2 Bxd2+ 14. Kxd2 0-0 15. Rac1 Rac8 16. Ke3 a6 17. Rhf1 1/2-1/2

[Event "Landesliga U20 Sued 1718"]
[Site "Bayern"]
[Date "2017.12.02"]
[Round "2.2"]
[White "Rahmani, Leondrit"]
[Black "Joebges, Julia"]
[Result "1/2-1/2"]
[WhiteElo "1552"]
[BlackElo "1686"]
[PlyCount "45"]
[EventDate "2017.11.18"]
[EventType "team-tourn"]
[EventRounds "7"]
[EventCountry "GER"]
[SourceTitle "EXT 2022"]
[Source "ChessBase"]
[SourceDate "2021.10.06"]
[SourceVersion "1"]
[SourceVersionDate "2021.10.06"]
[SourceQuality "1"]
[WhiteTeam "Unterhaching U20"]
[BlackTeam "Muenchen Tarrasch U20"]
[WhiteTeamCountry "GER"]
[BlackTeamCountry "GER"]

1. e4 e6 2. d4 d5 3. Nd2 Nf6 4. e5 Nfd7 5. Nb3 c5 6. dxc5 Nxe5 7. Be3 Nbc6 8. Bb5 Bd7 9. Bf4 Bxc5 10. Nxc5 Qa5+ 11. Bd2 Qxb5 12. Nxd7 Nxd7 13. b3 0-0 14. Ne2 Nf6 15. 0-0 Ne4 16. a4 Qb6 17. Be3 Qc7 18. Nf4 Rfc8 19. Nd3 Ne7 20. f3 Nf6 21. Rc1 Nf5 22. Bf2 a5 23. Nc5 1/2-1/2

[Event "Bayernliga U20 1617"]
[Site "Bayern"]
[Date "2016.11.12"]
[Round "1.4"]
[White "Huber, Benedikt"]
[Black "Joebges, Julia"]
[Result "1-0"]
[WhiteElo "2001"]
[BlackElo "1654"]
[PlyCount "82"]
[EventDate "2016.11.12"]
[EventType "team-tourn"]
[EventRounds "7"]
[EventCountry "GER"]
[SourceTitle "EXT 2022"]
[Source "ChessBase"]
[SourceDate "2021.10.06"]
[SourceVersion "1"]
[SourceVersionDate "2021.10.06"]
[SourceQuality "1"]
[WhiteTeam "Muenchen SO SK U20"]
[BlackTeam "Muenchen Tarrasch U20"]
[WhiteTeamCountry "GER"]
[BlackTeamCountry "GER"]

1. d4 d5 2. Nf3 Nf6 3. Bf4 e6 4. e3 Be7 5. c4 0-0 6. Nc3 b6 7. cxd5 Nxd5 8. Nxd5 exd5 9. a3 Bg4 10. Be2 c5 11. dxc5 bxc5 12. 0-0 Nc6 13. h3 Bh5 14. Qa4 Qb6 15. Bb5 Bxf3 16. Bxc6 Rac8 17. Bd7 Qg6 18. Bg3 Rcd8 19. gxf3 h5 20. Kh2 h4 21. Bf4 Bd6 22. Rg1 Qf6 23. Bb5 Bxf4+ 24. Qxf4 Qxb2 25. Qxh4 Rd6 26. Bd3 Rfd8 27. Rab1 Qe5+ 28. f4 Qf6 29. Qh7+ Kf8 30. Rb7 Qh6 31. Qxh6 Rxh6 32. Rxa7 d4 33. exd4 Rxd4 34. Rb1 g6 35. Rb8+ Kg7 36. Bf1 Rxf4 37. Kg3 Rd4 38. Rbb7 c4 39. Rxf7+ Kg8 40. Rfc7 Rd8 41. Bxc4+ Kh8 1-0

[Event "Landesliga U20 Sued 1516"]
[Site "Bayern"]
[Date "2016.02.27"]
[Round "7.4"]
[White "Joebges, Julia"]
[Black "Daser, Matthias"]
[Result "1-0"]
[WhiteElo "1651"]
[BlackElo "938"]
[PlyCount "67"]
[EventDate "2015.11.21"]
[EventType "team-tourn"]
[EventRounds "7"]
[EventCountry "GER"]
[SourceTitle "EXT 2022"]
[Source "ChessBase"]
[SourceDate "2021.10.06"]
[SourceVersion "1"]
[SourceVersionDate "2021.10.06"]
[SourceQuality "1"]
[WhiteTeam "Muenchen Tarrasch U20"]
[BlackTeam "Ebersberg Grafing U20"]
[WhiteTeamCountry "GER"]
[BlackTeamCountry "GER"]

1. e4 c5 2. Nc3 e5 3. Bc4 Nf6 4. d3 Nc6 5. f4 Be7 6. Nf3 d6 7. 0-0 0-0 8. Qe1 Nd7 9. Nd5 Nb6 10. Nxe7+ Qxe7 11. Bb3 Nd4 12. Nxd4 cxd4 13. Bd2 Be6 14. fxe5 dxe5 15. Bb4 Qg5 16. Bxf8 Bxb3 17. axb3 Rxf8 18. Rxa7 Qe7 19. Qg3 g6 20. Rfa1 Nc8 21. R7a5 f6 22. c3 dxc3 23. bxc3 b6 24. Rb5 Qc7 25. c4 Qd6 26. Qh3 Qd4+ 27. Kf1 Qxa1+ 28. Ke2 Qb2+ 29. Kf1 Qc1+ 30. Ke2 Kg7 31. Rd5 Qc2+ 32. Ke1 Qxb3 33. Rd7+ Kg8 34. Qxh7# 1-0

[Event "Bayernliga U20 1415"]
[Site "Bayern"]
[Date "2015.03.21"]
[Round "7.5"]
[White "Joebges, Julia"]
[Black "Braun, Kristin"]
[Result "1-0"]
[WhiteElo "1651"]
[BlackElo "1781"]
[PlyCount "131"]
[EventDate "2014.11.15"]
[EventType "team-tourn"]
[EventRounds "7"]
[EventCountry "GER"]
[SourceTitle "EXT 2022"]
[Source "ChessBase"]
[SourceDate "2021.10.06"]
[SourceVersion "1"]
[SourceVersionDate "2021.10.06"]
[SourceQuality "1"]
[WhiteTeam "Muenchen Tarrasch U20"]
[BlackTeam "Forchheim SC U20"]
[WhiteTeamCountry "GER"]
[BlackTeamCountry "GER"]

1. e4 d5 2. exd5 Nf6 3. Nf3 Nxd5 4. d4 Bg4 5. Be2 Nc6 6. 0-0 g6 7. c4 Nb6 8. b3 Bg7 9. Bb2 Rb8 10. Nbd2 0-0 11. a3 Qd7 12. Ra2 e6 13. Ne5 Bxe2 14. Nxd7 Bxd1 15. Nxb8 Bxb3 16. Nxb3 Rxb8 17. c5 Nd5 18. Rd1 Rd8 19. Ba1 a5 20. g3 a4 21. Nc1 Na7 22. Ne2 Nb5 23. Rd3 Nf6 24. Rb2 c6 25. Rb4 Ne4 26. Re3 Nxc5 27. dxc5 Bxa1 28. Rxa4 Nd4 29. Ra7 Nxe2+ 30. Rxe2 Bd4 31. Rd2 e5 32. Rxb7 Ra8 33. Ra2 Bxc5 34. a4 Kg7 35. a5 Ra6 36. Kf1 Bd4 37. Ra4 Bc3 38. f4 exf4 39. Rxf4 Rxa5 40. Rfxf7+ Kh6 41. Rxh7+ Kg5 42. Rb6 Rf5+ 43. Kg2 Rf6 44. Rh4 c5 45. Rb5 Rf5 46. Rc4 Bd4 47. Rb1 Kg4 48. h3+ Kg5 49. Rf1 Re5 50. h4+ Kh5 51. Ra4 Re2+ 52. Kh3 Re3 53. Ra7 g5 54. Rf5 Re5 55. g4+ Kg6 56. Ra6+ Kg7 57. Rxe5 Bxe5 58. hxg5 Bd4 59. Kh4 Kf7 60. g6+ Kg7 61. Kh5 Be3 62. g5 Bd4 63. Ra7+ Kf8 64. Kh6 c4 65. Rb7 c3 66. g7+ 1-0

[Event "GER-chT U14"]
[Site "Regensburg"]
[Date "2014.12.30"]
[Round "7.4"]
[White "Goetz, Michael"]
[Black "Joebges, Julia"]
[Result "1-0"]
[WhiteElo "1314"]
[BlackElo "1381"]
[PlyCount "76"]
[EventDate "2014.12.27"]
[EventType "team-swiss"]
[EventRounds "7"]
[EventCountry "GER"]
[SourceTitle "EXT 2018"]
[Source "ChessBase"]
[SourceDate "2017.10.13"]
[SourceVersion "1"]
[SourceVersionDate "2017.10.13"]
[SourceQuality "1"]
[WhiteTeam "Porta Westfalica"]
[BlackTeam "Muenchen Tarrasch"]
[WhiteTeamCountry "GER"]
[BlackTeamCountry "GER"]

1. d4 d5 2. c4 e6 3. Nc3 Be7 4. cxd5 exd5 5. Qc2 Nf6 6. Bg5 0-0 7. e3 c6 8. Bd3 h6 9. Bh4 Be6 10. Nf3 Nbd7 11. 0-0 Re8 12. Rab1 Qa5 13. a3 Rac8 14. b4 Qxa3 15. Rb3 Qxb4 16. Rxb4 Bxb4 17. Rb1 Bxc3 18. Qxc3 Nb6 19. Ra1 Ra8 20. Bc2 Nfd7 21. Qd3 g6 22. Ne5 Nxe5 23. dxe5 Bf5 24. Qc3 Bxc2 25. Qxc2 Rxe5 26. Bf6 Re6 27. Qc3 h5 28. Bd4 Ree8 29. Rb1 Na4 30. Qa1 b5 31. Rc1 Rec8 32. Bh8 Kf8 33. Bg7+ Kg8 34. Bh6 f6 35. Qxf6 Rc7 36. Qxg6+ Kh8 37. Bg5 Rg8 38. Bf6+ Rgg7 1-0

[Event "GER-chT U14 Girls"]
[Site "Magdeburg"]
[Date "2014.06.28"]
[Round "5.2"]
[White "Joebges, Julia"]
[Black "Ley, Sabrina"]
[Result "0-1"]
[WhiteElo "1281"]
[BlackElo "1487"]
[PlyCount "88"]
[EventDate "2013.12.27"]
[EventType "team-swiss"]
[EventRounds "4"]
[EventCountry "GER"]
[SourceTitle "EXT 2022"]
[Source "ChessBase"]
[SourceDate "2021.10.06"]
[SourceVersion "1"]
[SourceVersionDate "2021.10.06"]
[SourceQuality "1"]
[WhiteTeam "Graefelfing"]
[BlackTeam "Lahnstein Turm"]
[WhiteTeamCountry "GER"]
[BlackTeamCountry "GER"]

1. e4 c5 2. Nf3 d6 3. Bc4 Nf6 4. d3 e6 5. Bg5 Nbd7 6. 0-0 a6 7. Nbd2 b5 8. Bb3 Qc7 9. Re1 Ng4 10. Bf4 Nb6 11. c3 Be7 12. Rc1 0-0 13. d4 Qd7 14. Nf1 Bb7 15. e5 dxe5 16. Nxe5 Nxe5 17. Bxe5 cxd4 18. Bxd4 Nd5 19. Ng3 Qc6 20. f3 Rfd8 21. Bc2 Bg5 22. Rb1 Ne3 23. Qd3 Nxc2 24. Qxc2 Rxd4 25. Ne4 Bh6 26. Qf2 Rd3 27. Rbd1 Be3 28. Rxd3 Bxf2+ 29. Nxf2 Qb6 30. Kf1 Bd5 31. b3 a5 32. Rc1 Rc8 33. Ng4 a4 34. Ne3 Bb7 35. c4 axb3 36. axb3 Rd8 37. Rxd8+ Qxd8 38. cxb5 Qd2 39. Rd1 Qa5 40. Nc4 Qc7 41. b6 Qe7 42. Na5 g6 43. Rc1 Ba6+ 44. Kg1 Qa3 0-1

[Event "GER-chT U14 Girls"]
[Site "Magdeburg"]
[Date "2013.12.27"]
[Round "2.2"]
[White "Joebges, Julia"]
[Black "Du, Katharina"]
[Result "1/2-1/2"]
[WhiteElo "1281"]
[BlackElo "1375"]
[PlyCount "72"]
[EventDate "2013.12.27"]
[EventType "team-swiss"]
[EventRounds "4"]
[EventCountry "GER"]
[SourceTitle "EXT 2015"]
[Source "ChessBase"]
[SourceDate "2014.11.20"]
[SourceVersion "1"]
[SourceVersionDate "2014.11.20"]
[SourceQuality "1"]
[WhiteTeam "Graefelfing"]
[BlackTeam "Berlin Empor"]
[WhiteTeamCountry "GER"]
[BlackTeamCountry "GER"]

1. e4 c5 2. Nf3 Nc6 3. Nc3 g6 4. Bc4 Bg7 5. d3 d6 6. Be3 Nf6 7. Qd2 Ng4 8. h3 Nxe3 9. Qxe3 a6 10. 0-0 0-0 11. Nd2 Nd4 12. Bb3 b5 13. Rac1 Bb7 14. Nf3 Nxb3 15. axb3 e6 16. Rfd1 Bc6 17. d4 b4 18. Ne2 Qb6 19. Rb1 Bb5 20. c3 Bxe2 21. Qxe2 cxd4 22. Nxd4 Rfc8 23. Qd3 Rc7 24. Ne2 Rd8 25. Kf1 Rcd7 26. Qc2 Qc5 27. Rbc1 d5 28. exd5 Rxd5 29. Rxd5 Rxd5 30. Nf4 Rf5 31. Nd3 Qb5 32. cxb4 Rd5 33. Rd1 Bxb2 34. Qc4 Bf6 35. Qxb5 axb5 36. Ke2 Bd4 1/2-1/2